Guess the city by its landmark - Italy - Statistics

General Stats
  • This quiz has been taken 63 times
  • The average score is 8 of 12
Answer Stats
Picture Answer % Correct
Rome
100%
Pisa
98%
Florence
94%
Venice
92%
Milan
89%
Naples
87%
Bologna
75%
Turin
65%
Genoa
49%
Matera
27%
Lucca
24%
Riomaggiore
14%
No matching quizzes found
Score Distribution
Percent of People with Each Score
Percentile by Number Answered
Your Score History
You have not taken this quiz